Giải tích hàm

Gespeichert in:
Bibliographische Detailangaben
1. Verfasser: Nguyễn, Xuân Liêm
Format: Buch
Sprache:Undetermined
Veröffentlicht: Hà Nội Giáo Dục 1994
Schlagworte:
Tags: Tag hinzufügen
Keine Tags, Fügen Sie den ersten Tag hinzu!
Thư viện lưu trữ: Trung tâm Học liệu Trường Đại học Cần Thơ
LEADER 00547nam a2200205Ia 4500
001 CTU_1365
008 210402s9999 xx 000 0 und d
082 |a 515.7 
082 |b L304 
100 |a Nguyễn, Xuân Liêm 
245 0 |a Giải tích hàm 
245 0 |c Nguyễn Xuân Liêm 
260 |a Hà Nội 
260 |b Giáo Dục 
260 |c 1994 
526 |a Giải tích hàm 
526 |b TN191 
650 |a Functional analysis 
904 |i Minh, 960813 
980 |a Trung tâm Học liệu Trường Đại học Cần Thơ